Statistics for NBA The Best Shooting Guard Rankings

Click here to take the quiz!

General Stats

  • This quiz has been taken 17 times
  • The average score is 14 of 31

Answer Stats

Hint Answer % Correct
Elite StarsKlay Thompson
100%
Best of the BestJames Harden
92%
Elite StarsBradley Beal
85%
Elite StarsPaul George
77%
All-Star CaliberDonovan Mitchell
77%
All-Star CaliberLuka Doncic
69%
Elite StarsDeMar DeRozan
69%
All-Star CaliberC.J. McCollum
69%
Quality StartersZach LaVine
69%
Quality StartersJaylen Brown
69%
All-Star CaliberDevin Booker
69%
All-Star CaliberJrue Holiday
62%
All-Star CaliberVictor Oladipo
54%
Quality StartersGary Harris
46%
Elite StarsD'Angelo Russell
46%
Quality StartersJosh Richardson
38%
Quality StartersEvan Fournier
38%
Quality StartersShai Gilgeous-Alexander
31%
Average StartersKevin Huerter
31%
Average StartersNicolas Batum
31%
Average StartersNorman Powell
23%
Average StartersWesley Matthews
23%
Quality StartersCaris Levert
23%
Quality StartersBuddy Hield
23%
Average StartersAvery Bradley
15%
Average StartersCollin Sexton
15%
Average StartersJosh Okogie
8%
Average StartersDion Waiters
8%
Average StartersLuke Kennard
8%
Quality StartersR.J. Barrett
8%
Average StartersDillon Brooks
0%

Score Distribution

Percentile by Number Answered

Percent of People with Each Score

Your Score History

You have not taken this quiz